000 00382pab a2200157 454500
008 180718b2000 xxu||||| |||| 00| 0 eng d
100 _aSen, P.C.
245 _aIdeas and ideals: the mission of civil service
260 _c2000
300 _ap.14
362 _a27 May
650 _aCivil service - India
650 _aCivil service
773 _aTimes of India
909 _a46003
999 _c46003
_d46003